Junie B. Jones and her big fat mouth / (Record no. 58)
[ view plain ]
| 000 -LEADER | |
|---|---|
| fixed length control field | 01510pam a2200409 a 4500 |
| 001 - CONTROL NUMBER | |
| control field | 58 |
| 003 - CONTROL NUMBER IDENTIFIER | |
| control field | FISKH |
| 005 - DATE AND TIME OF LATEST TRANSACTION | |
| control field | 20250205152850.0 |
| 008 - FIXED-LENGTH DATA ELEMENTS--GENERAL INFORMATION | |
| fixed length control field | 921112s1993 nyua b 000 1 eng |
| 010 ## - LIBRARY OF CONGRESS CONTROL NUMBER | |
| LC control number | 92050957 |
| 020 ## - INTERNATIONAL STANDARD BOOK NUMBER | |
| International Standard Book Number | 0679844074 : |
| Terms of availability | $2.99 ($3.99 Can.) |
| 020 ## - INTERNATIONAL STANDARD BOOK NUMBER | |
| International Standard Book Number | 0679944079 (lib. bdg.) |
| 040 ## - CATALOGING SOURCE | |
| Original cataloging agency | DLC |
| Transcribing agency | DLC |
| Modifying agency | DLC |
| 042 ## - AUTHENTICATION CODE | |
| Authentication code | lcac |
| 050 00 - LIBRARY OF CONGRESS CALL NUMBER | |
| Classification number | PZ7.P2197 |
| Item number | Jtr 1993 |
| 082 00 - DEWEY DECIMAL CLASSIFICATION NUMBER | |
| Classification number | 813.54 |
| Edition number | 20 |
| 100 1# - MAIN ENTRY--PERSONAL NAME | |
| Personal name | Park, Barbara. |
| 245 10 - TITLE STATEMENT | |
| Title | Junie B. Jones and her big fat mouth / |
| Statement of responsibility, etc. | by Barbara Park ; illustrated by Denise Brunkus. |
| 260 ## - PUBLICATION, DISTRIBUTION, ETC. | |
| Place of publication, distribution, etc. | New York : |
| Name of publisher, distributor, etc. | Scholastic |
| Date of publication, distribution, etc. | c1993. |
| 300 ## - PHYSICAL DESCRIPTION | |
| Extent | 69 p. : |
| Other physical details | ill. ; |
| Dimensions | 20 cm |
| 490 1# - SERIES STATEMENT | |
| Series statement | [The Junie B. Jones series ; |
| Volume/sequential designation | v. 3 |
| 500 ## - GENERAL NOTE | |
| General note | G |
| 505 ## - FORMATTED CONTENTS NOTE | |
| Formatted contents note | G |
| 520 ## - SUMMARY, ETC. | |
| Summary, etc. | When her kindergarten class has Job Day, Junie B. goes through much confusion and excitement before deciding on the "bestest" job of all. |
| 521 ## - TARGET AUDIENCE NOTE | |
| Target audience note | 420 |
| Source | Lexile |
| 521 ## - TARGET AUDIENCE NOTE | |
| Target audience note | G |
| Source | Raz-Plus |
| 650 #1 - SUBJECT ADDED ENTRY--TOPICAL TERM | |
| Topical term or geographic name entry element | Kindergarten |
| General subdivision | Fiction. |
| 650 #1 - SUBJECT ADDED ENTRY--TOPICAL TERM | |
| Topical term or geographic name entry element | Schools |
| General subdivision | Fiction. |
| 650 #1 - SUBJECT ADDED ENTRY--TOPICAL TERM | |
| Topical term or geographic name entry element | Occupations |
| General subdivision | Fiction. |
| 700 1# - ADDED ENTRY--PERSONAL NAME | |
| Personal name | Brunkus, Denise, |
| Relator term | ill. |
| 800 1# - SERIES ADDED ENTRY--PERSONAL NAME | |
| Personal name | Park, Barbara. |
| Title of a work | Junie B. Jones series ; |
| Volume/sequential designation | #3. |
| 856 42 - ELECTRONIC LOCATION AND ACCESS | |
| Materials specified | Contributor biographical information |
| Uniform Resource Identifier | <a href="http://www.loc.gov/catdir/bios/random056/92050957.html">http://www.loc.gov/catdir/bios/random056/92050957.html</a> |
| 856 41 - ELECTRONIC LOCATION AND ACCESS | |
| Materials specified | Sample text |
| Uniform Resource Identifier | <a href="http://www.loc.gov/catdir/samples/random043/92050957.html">http://www.loc.gov/catdir/samples/random043/92050957.html</a> |
| 856 42 - ELECTRONIC LOCATION AND ACCESS | |
| Materials specified | Publisher description |
| Uniform Resource Identifier | <a href="http://www.loc.gov/catdir/description/random047/92050957.html">http://www.loc.gov/catdir/description/random047/92050957.html</a> |
| 906 ## - LOCAL DATA ELEMENT F, LDF (RLIN) | |
| a | 7 |
| b | cbc |
| c | orignew |
| d | 1 |
| e | ocip |
| f | 19 |
| g | y-gencatlg |
| 942 ## - ADDED ENTRY ELEMENTS (KOHA) | |
| Source of classification or shelving scheme | Dewey Decimal Classification |
| Koha item type | Books |
| Suppress in OPAC | No |
| Withdrawn status | Lost status | Source of classification or shelving scheme | Damaged status | Not for loan | Collection | Home library | Current library | Shelving location | Date acquired | Total Checkouts | Full call number | Barcode | Date last seen | Date last checked out | Copy number | Price effective from | Koha item type |
|---|---|---|---|---|---|---|---|---|---|---|---|---|---|---|---|---|---|
| Library of Congress Classification | Juvenile Fiction | Footprints International School Library Network Toul Kork Campus | Footprints International School Library Network Toul Kork Campus | 02/20/2023 | 2 | JON 813.54 PZ7.P2197 | FISTK00296 | 11/27/2025 | 11/13/2025 | 1 | 02/20/2023 | Books | |||||
| Library of Congress Classification | Juvenile Fiction | Footprints International School Library Network Toul Kork Campus | Footprints International School Library Network Toul Kork Campus | 02/20/2023 | 7 | JON 813.54 PZ7.P2197 | FISTK00306 | 05/21/2025 | 05/07/2025 | 2 | 02/20/2023 | Books | |||||
| Library of Congress Classification | Juvenile Fiction | Footprints International School Library Network Toul Kork Campus | Footprints International School Library Network Toul Kork Campus | TTP Primary Dark Blue Bookshelves | 02/05/2025 | 2 | JON 813.54 PZ7.P2197 | 2025-0370 | 05/29/2025 | 05/21/2025 | 3 | 02/20/2023 | Books | ||||
| Library of Congress Classification | Juvenile Fiction | Footprints International School Library Network Toul Kork Campus | Footprints International School Library Network Toul Kork Campus | TTP Primary Dark Blue Bookshelves | 02/05/2025 | JON 813.54 PZ7.P2197 | 2025-0371 | 02/05/2025 | 4 | 02/20/2023 | Books | ||||||
| Library of Congress Classification | Juvenile Fiction | Footprints International School Library Network Toul Kork Campus | Footprints International School Library Network Toul Kork Campus | TTP Primary Dark Blue Bookshelves | 02/05/2025 | JON 813.54 PZ7.P2197 | 2025-0372 | 02/05/2025 | 5 | 02/20/2023 | Books | ||||||
| Library of Congress Classification | Juvenile Fiction | Footprints International School Library Network Toul Kork Campus | Footprints International School Library Network Toul Kork Campus | TTP Primary Dark Blue Bookshelves | 02/05/2025 | 1 | JON 813.54 PZ7.P2197 | 2025-0373 | 07/29/2025 | 07/14/2025 | 6 | 02/20/2023 | Books | ||||
| Library of Congress Classification | Juvenile Fiction | Footprints International School Library Network Toul Kork Campus | Footprints International School Library Network Toul Kork Campus | TTP Primary Dark Blue Bookshelves | 02/05/2025 | JON 813.54 PZ7.P2197 | 2025-0374 | 02/05/2025 | 7 | 02/20/2023 | Books | ||||||
| Library of Congress Classification | Juvenile Fiction | Footprints International School Library Network Toul Kork Campus | Footprints International School Library Network Toul Kork Campus | TTP Primary Dark Blue Bookshelves | 02/05/2025 | 1 | JON 813.54 PZ7.P2197 | 2025-0375 | 07/29/2025 | 07/14/2025 | 8 | 02/20/2023 | Books |
